000 00335nam a22001337a 4500
999 _c17144
_d17144
008 180817b xxu||||| |||| 00| 0 eng d
020 _a0515144147
050 _aPS3568
_b.R63 1992 c.1
100 _aRoberts, Nora
245 _aHonest Illusions
_cNora Roberts
260 _aUSA
_bJove Books
_c1992
300 _a502p.
942 _2lcc
_cBK